The story of radio Part.3 : (Record no. 182980)
[ view plain ]
| 000 -LEADER | |
|---|---|
| fixed length control field | 00665 a2200193 4500 |
| 003 - CONTROL NUMBER IDENTIFIER | |
| control field | Nust |
| 005 - DATE AND TIME OF LATEST TRANSACTION | |
| control field | 20221219133053.0 |
| 010 ## - LIBRARY OF CONGRESS CONTROL NUMBER | |
| LC control number | 76380387 |
| 020 ## - INTERNATIONAL STANDARD BOOK NUMBER | |
| International Standard Book Number | 0852743084 |
| 040 ## - CATALOGING SOURCE | |
| Transcribing agency | Nust |
| 082 00 - DEWEY DECIMAL CLASSIFICATION NUMBER | |
| Classification number | 621.384,DAL |
| 100 1# - MAIN ENTRY--PERSONAL NAME | |
| Personal name | Dalton, Walter Malcolm. |
| 9 (RLIN) | 105215 |
| 245 14 - TITLE STATEMENT | |
| Title | The story of radio Part.3 : |
| Remainder of title | the world starts to listen / |
| Statement of responsibility, etc. | W. M. Dalton. |
| 260 ## - PUBLICATION, DISTRIBUTION, ETC. | |
| Place of publication, distribution, etc. | London : |
| Name of publisher, distributor, etc. | Hilger, |
| Date of publication, distribution, etc. | 1975- |
| 300 ## - PHYSICAL DESCRIPTION | |
| Extent | 154p |
| Other physical details | ill. ; |
| Dimensions | 22 cm. |
| 505 1# - FORMATTED CONTENTS NOTE | |
| Formatted contents note | Receiver Measurements (Page-1), The British Broadcasting Corporation (Page-39), Compromise in Design (Page-77), Telephone Talkies and Television (Page-111). |
| 650 #0 - SUBJECT ADDED ENTRY--TOPICAL TERM | |
| Topical term or geographic name entry element | Telecommunication Engineering |
| 942 ## - ADDED ENTRY ELEMENTS (KOHA) | |
| Source of classification or shelving scheme | |
| Koha item type | Book |
| Withdrawn status | Lost status | Source of classification or shelving scheme | Damaged status | Not for loan | Permanent Location | Current Location | Shelving location | Date acquired | Full call number | Barcode | Date last seen | Price effective from | Koha item type | Public note |
|---|---|---|---|---|---|---|---|---|---|---|---|---|---|---|
| Military College of Signals (MCS) | Military College of Signals (MCS) | General Stacks | 12/12/2016 | 621.384,DAL | MCS589 | 12/08/2016 | 12/12/2016 | Book | Almirah No.38, Shelf No.2 |
